| 000 | 00363 a2200169 4500 | ||
|---|---|---|---|
| 001 | 44206 | ||
| 020 | _a852625135X | ||
| 040 | _cAnchieta - Aquarius | ||
| 100 | _aAbramovich, Fanny | ||
| 240 | 1 | 0 |
_a=Teimas e birras _lpor |
| 245 | 1 | 0 | _a=Teimas e birras |
| 300 | _a55 | ||
| 362 | 0 | _a2003 | |
| 440 | 1 | _aScipione | |
| 650 | 4 | _aLiteratura brasileira | |
| 942 | _cBK | ||
| 999 |
_c44206 _d44206 |
||